Competing Legal Cultures and Legal Reform: The Battle of Chile

This Article explores the competition that exists between U.S. and German legal cultures and examines Chilean legal reform efforts since the late 1990s as a case study of this competition. A country's legal culture is comprised of the self-governing rules and operations of national and regional...

Descripción completa

Guardado en:  
Detalles Bibliográficos
Autor principal: Cooper, James M. (Autor)
Tipo de documento: Electrónico Libro
Lenguaje:Inglés
Publicado: 2008
En:Año: 2008
Acceso en línea: Volltext (kostenfrei)
Verificar disponibilidad: HBZ Gateway

MARC

LEADER 00000cam a22000002c 4500
001 1866303279
003 DE-627
005 20250124054900.0
007 cr uuu---uuuuu
008 231019s2008 xx |||||o 00| ||eng c
035 |a (DE-627)1866303279 
035 |a (DE-599)KXP1866303279 
040 |a DE-627  |b ger  |c DE-627  |e rda 
041 |a eng 
084 |a 2,1  |2 ssgn 
100 1 |a Cooper, James M.  |e VerfasserIn  |4 aut 
245 1 0 |a Competing Legal Cultures and Legal Reform: The Battle of Chile 
264 1 |c 2008 
336 |a Text  |b txt  |2 rdacontent 
337 |a Computermedien  |b c  |2 rdamedia 
338 |a Online-Ressource  |b cr  |2 rdacarrier 
520 |a This Article explores the competition that exists between U.S. and German legal cultures and examines Chilean legal reform efforts since the late 1990s as a case study of this competition. A country's legal culture is comprised of the self-governing rules and operations of national and regional bar associations, the format of legal education, the structure of the legal and judicial profession, the role of the judiciary, jurisprudential style, and the reputation of the legal sector according to the general public. The influence of predominant legal cultures on developing nations has been explored in a number of contexts, while the importance of fostering an effective legal culture has been noted in clinical legal education and in legal practice. While some legal cultures reflect national borders, others are religiously based and separate from the sovereign State and national bar associations. Legal culture has played as significant a part in the national development of the United States as it has in the histories of Chile and Germany. This Article compares the manner in which U.S. and German legal cultures have been exported or transplanted to Chile 
856 4 0 |u https://core.ac.uk/download/232699198.pdf  |x Verlag  |z kostenfrei  |3 Volltext  |7 0 
935 |a mkri 
951 |a BO 
ELC |a 1 
LOK |0 000 xxxxxcx a22 zn 4500 
LOK |0 001 4392946797 
LOK |0 003 DE-627 
LOK |0 004 1866303279 
LOK |0 005 20231019043624 
LOK |0 008 231019||||||||||||||||ger||||||| 
LOK |0 035   |a (DE-2619)CORE69330019 
LOK |0 040   |a DE-2619  |c DE-627  |d DE-2619 
LOK |0 092   |o n 
LOK |0 852   |a DE-2619 
LOK |0 852 1  |9 00 
LOK |0 935   |a core 
LOK |0 939   |a 19-10-23  |b l01 
OAS |a 1 
ORI |a SA-MARC-krimdoka001.raw